Datum a čas kvízu

33.5 Celkem bodů Celkový počet nahraných bodů na tomto kvízu bez doplňovacích otázek.
4. Pořadí na kvízu Konečné umístění týmu na tomto kvízu.

Zaznamenané odpovědi

# Otázka Odpověď Body Výsledky
1. V neděli se v Brně konal 11. r... švihlá chůze 1
2. Polský velmistr Jan-Krzystof D... nepodal mu ruku 0
3. Kterou legendární hru, konkrét... Tetris 1
4. Společnost Microsoft se rozhod... Copilot 0
5. Kolik gólů během posledních dv... 4 branky 1
6. Rok 2023 je již za námi, spole... D 0
7. Už mnoho let se tvůrci pokouší... The Last of Us; HBO 1
8. Na motivy života kterého fotba... Davida Beckhama 1
9. Na motivy díla kterého americk... E. A. Poe 1
10. V poslední otázce se podíváme... Dobré ráno, Brno! 1